| 000 | 00358nam a2200157Ia 4500 | ||
|---|---|---|---|
| 100 | _aMohan/Ned/ Undeland/T/M | ||
| 650 | _aPower electronics | ||
| 942 | _cBK | ||
| 366 | _f25 | ||
| 654 | _aPower electronics | ||
| 245 | _aPower Electronics:Converters | ||
| 260 |
_bJohn wiley _c2006 |
||
| 082 |
_a621.381 _bMOH |
||
| 300 | _a802 | ||
| 546 |
_aENGLISH _cTTL |
||
| 999 |
_c32272 _d32272 |
||